000 00498nam a2200217Ia 4500
003 0100
008 130303s9999 xx 000 0 und d
020 _a0198750056
040 _cARRUPELIB
050 _aBJ21.F6 1967
245 _aTheories of Ethics
260 _aOxford
260 _bOxford University Press
260 _C1967
300 _a188p.
300 _b 21cm.
440 _aOxford Readings in Philosophy
650 _aETHICS
700 _aFoot, Philippa (ed.)
942 0 0 _02
999 _c37730
_d37730